000 01037nam a2200265 i 4500
001 18714
003 ES-MaACL
005 20240515063025.0
007 t|
008 020204s2001 sp a |||| | spa j
020 _a84-451-1994-X Comunidad de Madrid
080 _a74 Pérez Villaamil, Genaro (064.3)
080 _a914.602.7 Alcalá (0:74)(064.3)
100 1 _aPérez Villaamil, Jenaro,
_d1807-1854
_9159080
245 1 0 _aApuntes de Alcalá
_b: dibujos de Jenaro Pérez Villaamil : Casa de la Entrevista, Alcalá de Henares, abril-mayo 2001.
260 _a[Madrid] :
_bComunidad de Madrid :
_bFundación Colegio del Rey,
_c[2001]
300 _a97 p. :
_bprincipalmente il. ;
_c26 cm.
600 1 7 _aPérez Villaamil, Jenaro,
_d1807-1854-
_vExposiciones
_2
_9149664
651 4 _aAlcalá de Henares-
_xEn el arte-
_vExposiciones.
_9170067
655 7 _2tgfbne
_9193628
_aCatálogos de exposiciones
710 2 _aFundación Colegio del Rey.
_94254
852 _aES-MaACL
_jL-25289
942 _2udc
999 _c18714
_d18714